• 首页
  • 本馆介绍
  • 公告通知
  • 最新文献
  • 馆藏检索
  • 电子资源
  • 读者导购
  • 参考咨询
  • 我的图书馆
  • 登录
  • 详细信息显示
  • 放入我的书架
  • 预约/预借图书
  • 作者相关作品
  • 分类相关作品
  • 丛书相关作品
  • 出版社相关作品

书目信息

  • 表格格式
  • 工作单格式
  • 卡片格式
题名:
扶南王国
    
 
作者: 郭振铎 著
分册:  
出版信息: 北京   商务印书馆  1984
页数: 34页
开本: 19cm
丛书名: 外国历史小丛书
单 册:
中图分类: K335.3 , K335.2
科图分类:
主题词: 东南亚--历史
电子资源:
ISBN:
000 00739nam2 2200289 45
001 0184012404
005 20040512091402.6
010    @dCNY0.14
091    @a11017.655
100    @a19950619d1984 em y0chiy0121 ea
101 0  @achi
102    @aCN@b110000
105    @af z 000yy
106    @ar
200 10 @a扶南王国@Afu nan wang guo@f郭振铎著
210    @a北京@c商务印书馆@d1984
215    @a34页@c插图@d19cm
225 2  @a外国历史小丛书
410  0 @120010@a外国历史小丛书
606 0  @a东南亚@x历史
607    @a扶南(1世纪~6世纪)
690    @aK335.3@v3
690    @aK335.2
701  0 @a郭振铎@Aguo zhen duo@4著
801  0 @aCN@b上海图书馆@c20040512
801  2 @aCN@bNLC@c20040512
905    @f2@b131113-114@dK335.2@e1
    
    扶南王国/郭振铎著.-北京:商务印书馆,1984
    34页:插图;19cm.-(外国历史小丛书)
    
    
    ISBN :CNY0.14
    
●
相关链接 在E读中查询图书 在五车中查询图书 在当当中查询图书 在豆瓣中查询图书


正题名:扶南王国     索取号:K335.2/1         预约/预借

序号 登录号 条形码 馆藏地/架位号 状态 备注
1 0131113   000359757   第二借阅区/ [索取号:K335.2/1] 在馆    
2 0131114   000359766   第二借阅区/ [索取号:K335.2/1] 在馆    
3 0131115   000359748   第二样本阅览室/ [索取号:K335.2/1] 在馆    
唐山师范学院图书馆 欢迎您!
大连网信软件有限公司© 版权所有